Detalles MARC
| 000 -LÍDER |
| Campo fijo de descripción fija |
01735nam a22003374i 4500 |
| 001 - NÚMERO DE CONTROL |
| Campo de control |
768714001 |
| 003 - IDENTIFICADOR DEL NÚMERO DE CONTROL |
| Campo de control |
CO-MdFUSB |
| 005 - FECHA Y HORA DE LA ULTIMA TRANSACCIÓN |
| control field |
20180904085947.0 |
| 008 - ELEMENTOS DE LONGITUD FIJA -- INFORMACIÓN GENERAL |
| Campo fijo de descripción fija -- Información general |
180808t1969 sp ||||| |||| 00| 0 spa d |
| 040 ## - FUENTE DE CATALOGACIÓN |
| Agencia de catalogación original |
CO-MdFUSB |
| Idioma de catalogación |
spa |
| Agencia que realiza la transcripción |
CO-MdFUSB |
| Agencia que realiza la modificación |
CO-MdFUSBC |
| Convenciones de la descripción |
rda |
| 041 ## - CÓDIGO DE IDIOMA |
| Código de idioma para texto/pista de sonido o título separado |
spa |
| 082 ## - NÚMERO DE CLASIFICACIÓN DECIMAL DEWEY |
| Número de la edición del Dewey |
23 |
| Número de clasificación |
222.907 |
| Clave de autor-Numero de item |
SI571 |
| 100 ## - ASIENTO PRINCIPAL--NOMBRE PERSONAL |
| Nombre personal |
Siebeneck, Robert T. |
| Término relacionador |
autor |
| 240 ## - TITULO UNIFORME |
| Título uniforme |
<a href="The Old Testament Reading Guide : Judith and Esther">The Old Testament Reading Guide : Judith and Esther</a> |
| 245 ## - TÍTULO |
| Título del Material |
Libros de Judit y Ester |
| Mención de responsabilidad, etc. |
/ Robert T. Siebeneck ; traductor Gregorio Gil |
| 264 #1 - PRODUCCIÓN, PUBLICACIÓN, DISTRIBUCIÓN, MANUFACTURA, Y COPYRIGHT |
| Lugar de producción, publicación, distribución, manufactura |
España : |
| Nombre del productor, publicador, distribuidor |
Salterrae, |
| Fecha de producción, publicación, distribución, manufactura, o copyright |
℗[1972]. |
| 264 #4 - PRODUCCIÓN, PUBLICACIÓN, DISTRIBUCIÓN, MANUFACTURA, Y COPYRIGHT |
| Fecha de producción, publicación, distribución, manufactura, o copyright |
©1972 |
| 300 ## - DESCRIPCIÓN FÍSICA |
| Extensión |
142 páginas |
| Dimensiones |
; 17 cm |
| 336 ## - TIPO DE CONTENIDO |
| Fuente |
rdacontent |
| Término de tipo de contenido |
texto |
| Código de tipo de contenido |
txt |
| 337 ## - TIPO DE MEDIO |
| Fuente |
rdamedia |
| Nombre del tipo de medio |
sin mediación |
| Código del tipo de medio |
n |
| 338 ## - TIPO DE SOPORTE |
| Fuente |
rdacarrier |
| Nombre del tipo de soporte |
volumen |
| Código Tipo de soporte |
nc |
| 490 1# - MENCIÓN DE SERIE |
| Mención de serie |
Conoce la biblia : Antiguo Testamento. |
| 505 ## - NOTA DE CONTENIDO |
| Título |
El libro de Judit: |
| Nota de contenido con formato preestablecido |
Introducción -- Texto y comentario -- Campaña de Nabucodonosor contra el Oeste (1,1-3,9) -- Israel se prepara para resistir (4,1-15) -- Discurso de Aquior; Holofernes pone sitio a Betulia (5,1-7,32) -- Judit, con un destello de esperanza (8,1-9,14) -- Judith y Holofernes (10,1-13,10) -- Judit en triunfo (13,11-16,25) |
| 505 ## - NOTA DE CONTENIDO |
| Título |
El libro de Ester: |
| Nota de contenido con formato preestablecido |
Introducción -- Texto y comentario -- Sueño de Mardoqueo. Conjura contra el rey -- La reina Vasti es depuesta.—Ester es elegida reina -- Amán conspira contra los Judíos -- Mardoqueo y Ester llevan la contraofensiva judía -- Amán es colgado -- La fiesta de Purim -- Comentarios finales -- Temas para repaso -- Abreviaturas. |
| 563 ## - NOTA DE ENCUADERNACIÓN |
| Nota de encuadernación |
Tapa rústica |
| 630 07 - TITULO UNIFORME |
| Título uniforme |
Biblia. |
| Nombre de parte o sección de la obra |
Ester |
| 630 07 - TITULO UNIFORME |
| Título uniforme |
Biblia. |
| Nombre de parte o sección de la obra |
Judit |
| 700 ## - ASIENTO SECUNDARIO - NOMBRE PERSONAL |
| Nombre personal |
Gil, Gregorio |
| Responsabilidad |
traductor |
| 830 ## - PUNTO DE ACCESO ADICIONAL DE SERIE - TÍTULO UNIFORME |
| Título uniforme |
Conoce la biblia : Antiguo Testamento |
| Designación de volumen o secuencia |
No. 25 |
| 942 ## - TIPO DE MATERIAL (KOHA) |
| Tipo de Item KOHA |
Libros General |